Представление документа в формате MARC21

Поле Инд. ПП Название Значение
Тип записи a
Библиографический уровень m
001 Контрольный номер 417b554314b34faa9212b4d1eba00cdc
005 Дата корректировки 20260703113854.4
040 a Служба первич. каталог. 10013504
b Код языка каталог. rus
e Правила каталог. PSBO
041 0_ a Код языка текста rus
084 a Индекс другой классификации/Индекс ББК доп
090 a Полочн. индекс 355М
x Авторский знак А 724
r Идентификатор организации 10013504
100 1_ a Автор Антонов В.С.
245 10 a Заглавие К последнему рубежу
260 a Место издания Москва
b Издательство Воениздат
c Дата издания 1987
300 a Объем 270, [2] с., [10] л. ил.
440 _0 a Серия Военные мемуары
653 0_ a Ключевые слова МЕМУАРЫ ВОЕННЫЕ; ВЕЛИКАЯ ОТЕЧЕСТВЕННАЯ ВОЙНА (1941-1945); ВОСПОМИНАНИЯ О ВЕЛИКОЙ ОТЕЧЕСТВЕННОЙ ВОЙНЕ; ГЕРОИ СОВЕТСКОГО СОЮЗА
901 t Тип документа m
952 a Тип литературы для КСУ ВШ КНпР